<?xml version="1.0" encoding="UTF-8"?><marc:collection xmlns:marc="http://www.loc.gov/MARC21/slim">
  <marc:record>
    <marc:leader>00000nam  2200000za 4500</marc:leader>
    <marc:controlfield tag="001">9.695916</marc:controlfield>
    <marc:controlfield tag="003">CaOODSP</marc:controlfield>
    <marc:controlfield tag="005">20211126112849</marc:controlfield>
    <marc:controlfield tag="007">cr |||||||||||</marc:controlfield>
    <marc:controlfield tag="008">150407|1998||||xxc|||||o    f|0| 0 eng d</marc:controlfield>
    <marc:datafield tag="040" ind1=" " ind2=" ">
      <marc:subfield code="a">CaOODSP</marc:subfield>
      <marc:subfield code="b">eng</marc:subfield>
    </marc:datafield>
    <marc:datafield tag="043" ind1=" " ind2=" ">
      <marc:subfield code="a">n-cn---</marc:subfield>
    </marc:datafield>
    <marc:datafield tag="086" ind1="1" ind2=" ">
      <marc:subfield code="a">FB4-6/1998E-PDF</marc:subfield>
    </marc:datafield>
    <marc:datafield tag="110" ind1="2" ind2=" ">
      <marc:subfield code="a">Bank of Canada.</marc:subfield>
    </marc:datafield>
    <marc:datafield tag="245" ind1="1" ind2="0">
      <marc:subfield code="a">[Information in financial asset prices] : </marc:subfield>
      <marc:subfield code="h">[electronic resource]</marc:subfield>
      <marc:subfield code="b">[proceedings of a conference held by the Bank of Canada, May 1998] </marc:subfield>
    </marc:datafield>
    <marc:datafield tag="246" ind1="3" ind2=" ">
      <marc:subfield code="a">Asset pricing in consumption models : a survey of the literature ; Discussion ; Extraction of expected inflation from Canadian forward rates ; Discussion ; Discussion ; Yield and inflation differentials between Canada and the United States ; Discussion ; Discussion ; Central bank policy, inflation, and stock prices ; Discussion ; Towards a new measure of interest rate expectations in Canada: estimating a time-varying term premium ; Discussion ; Discussion ; The information contents of Canadian dollar futures options ; Discussion ; Discussion ; Confidence intervals and constant-maturity series for probability measures extracted from options prices ; Discussion; Discussion ; Pitfalls and opportunities for the conduct of monetary policy in a world of high-frequency data ; Participants</marc:subfield>
    </marc:datafield>
    <marc:datafield tag="260" ind1=" " ind2=" ">
      <marc:subfield code="b">Bank of Canada </marc:subfield>
      <marc:subfield code="c">May 1998.</marc:subfield>
    </marc:datafield>
    <marc:datafield tag="300" ind1=" " ind2=" ">
      <marc:subfield code="a">30, 13, 28, 5, 6, 35, 5, 7, 22, 6, 38, 6, 4, 47, 8, 5, 28, 3, 5, 39, 6p.</marc:subfield>
      <marc:subfield code="b">graphs, references, tables</marc:subfield>
    </marc:datafield>
    <marc:datafield tag="500" ind1=" " ind2=" ">
      <marc:subfield code="a">Contents: Asset pricing in consumption models : a survey of the literature / Benoît Carmichael ; Discussion / Jason Wei ; Extraction of expected inflation from Canadian forward rates / Joseph Atta-Mensah and Mingwei Yuan ; Discussion / Arturo Estrella ; Discussion / Angelo Melino ; Yield and inflation differentials between Canada and the United States / Ben Siu Cheong Fung and Eli Remolona ; Discussion / Nicola Anderson ; Discussion / Mark Flood ; Central bank policy, inflation, and stock prices / Ronald Giammarino ; Discussion / William Barker ; Towards a new measure of interest rate expectations in Canada: estimating a time-varying term premium / Toni Gravelle, Philippe Muller and David Stréliski ; Discussion / Mark Chandler ; Discussion / Alan White ; The information contents of Canadian dollar futures options / Alexander Levin, Des McManus and David Watt ; Discussion / Glen Donaldson ; Discussion / Michael Narayan ; Confidence intervals and constant-maturity series for probability measures extracted from options prices / William Melick and Charles Thomas ; Discussion / Jerry Hanweck ; Discussion / Richard Black ; Pitfalls and opportunities for the conduct of monetary policy in a world of high-frequency data / Pierre Siklos ; Participants</marc:subfield>
    </marc:datafield>
    <marc:datafield tag="520" ind1="3" ind2=" ">
      <marc:subfield code="a">The conference will begin with a critical review of financial asset-pricing modells, particularly those based on an explicit modelling of investor preferences. From there, it will branch out along two paths: examining techniques that could be used to extract information for setting the strategic course of monetary policy; and discussion models that could be used to obtain information that can help central banks implement monetary policy.--Opening remarks</marc:subfield>
    </marc:datafield>
    <marc:datafield tag="590" ind1=" " ind2=" ">
      <marc:subfield code="a">12-17-Supp</marc:subfield>
      <marc:subfield code="b">2012-04-20</marc:subfield>
    </marc:datafield>
    <marc:datafield tag="690" ind1="0" ind2="7">
      <marc:subfield code="a">Interest rates</marc:subfield>
      <marc:subfield code="2">gcpds</marc:subfield>
    </marc:datafield>
    <marc:datafield tag="690" ind1="0" ind2="7">
      <marc:subfield code="a">Monetary policy</marc:subfield>
      <marc:subfield code="2">gcpds</marc:subfield>
    </marc:datafield>
    <marc:datafield tag="775" ind1="0" ind2="8">
      <marc:subfield code="t">[La valeur informative des prix des actifs financiers] : </marc:subfield>
      <marc:subfield code="w">(CaOODSP)9.640039</marc:subfield>
    </marc:datafield>
    <marc:datafield tag="776" ind1="0" ind2="#">
      <marc:subfield code="t">Information in financial asset prices : </marc:subfield>
      <marc:subfield code="w">(CaOODSP)9.647262</marc:subfield>
    </marc:datafield>
    <marc:datafield tag="856" ind1="4" ind2="0">
      <marc:subfield code="a">http://publications.gc.ca</marc:subfield>
      <marc:subfield code="q">PDF</marc:subfield>
      <marc:subfield code="s">248 KB</marc:subfield>
      <marc:subfield code="u">https://publications.gc.ca/collections/Collection/FB4-6-1998E-6.pdf</marc:subfield>
    </marc:datafield>
    <marc:datafield tag="856" ind1="4" ind2="0">
      <marc:subfield code="a">http://publications.gc.ca</marc:subfield>
      <marc:subfield code="q">PDF</marc:subfield>
      <marc:subfield code="s">21 KB</marc:subfield>
      <marc:subfield code="u">https://publications.gc.ca/collections/Collection/FB4-6-1998E-19.pdf</marc:subfield>
    </marc:datafield>
    <marc:datafield tag="856" ind1="4" ind2="0">
      <marc:subfield code="a">http://publications.gc.ca</marc:subfield>
      <marc:subfield code="q">PDF</marc:subfield>
      <marc:subfield code="s">19 KB</marc:subfield>
      <marc:subfield code="u">https://publications.gc.ca/collections/Collection/FB4-6-1998E-4.pdf</marc:subfield>
    </marc:datafield>
    <marc:datafield tag="856" ind1="4" ind2="0">
      <marc:subfield code="a">http://publications.gc.ca</marc:subfield>
      <marc:subfield code="q">PDF</marc:subfield>
      <marc:subfield code="s">40 KB</marc:subfield>
      <marc:subfield code="u">https://publications.gc.ca/collections/Collection/FB4-6-1998E-10.pdf</marc:subfield>
    </marc:datafield>
    <marc:datafield tag="856" ind1="4" ind2="0">
      <marc:subfield code="a">http://publications.gc.ca</marc:subfield>
      <marc:subfield code="q">PDF</marc:subfield>
      <marc:subfield code="s">383 KB</marc:subfield>
      <marc:subfield code="u">https://publications.gc.ca/collections/Collection/FB4-6-1998E-14.pdf</marc:subfield>
    </marc:datafield>
    <marc:datafield tag="856" ind1="4" ind2="0">
      <marc:subfield code="a">http://publications.gc.ca</marc:subfield>
      <marc:subfield code="q">PDF</marc:subfield>
      <marc:subfield code="s">36 KB</marc:subfield>
      <marc:subfield code="u">https://publications.gc.ca/collections/Collection/FB4-6-1998E-21.pdf</marc:subfield>
    </marc:datafield>
    <marc:datafield tag="856" ind1="4" ind2="0">
      <marc:subfield code="a">http://publications.gc.ca</marc:subfield>
      <marc:subfield code="q">PDF</marc:subfield>
      <marc:subfield code="s">128 KB</marc:subfield>
      <marc:subfield code="u">https://publications.gc.ca/collections/Collection/FB4-6-1998E-1.pdf</marc:subfield>
    </marc:datafield>
    <marc:datafield tag="856" ind1="4" ind2="0">
      <marc:subfield code="a">http://publications.gc.ca</marc:subfield>
      <marc:subfield code="q">PDF</marc:subfield>
      <marc:subfield code="s">27 KB</marc:subfield>
      <marc:subfield code="u">https://publications.gc.ca/collections/Collection/FB4-6-1998E-8.pdf</marc:subfield>
    </marc:datafield>
    <marc:datafield tag="856" ind1="4" ind2="0">
      <marc:subfield code="a">http://publications.gc.ca</marc:subfield>
      <marc:subfield code="q">PDF</marc:subfield>
      <marc:subfield code="s">59 KB</marc:subfield>
      <marc:subfield code="u">https://publications.gc.ca/collections/Collection/FB4-6-1998E-15.pdf</marc:subfield>
    </marc:datafield>
    <marc:datafield tag="856" ind1="4" ind2="0">
      <marc:subfield code="a">http://publications.gc.ca</marc:subfield>
      <marc:subfield code="q">PDF</marc:subfield>
      <marc:subfield code="s">47 KB</marc:subfield>
      <marc:subfield code="u">https://publications.gc.ca/collections/Collection/FB4-6-1998E-12.pdf</marc:subfield>
    </marc:datafield>
    <marc:datafield tag="856" ind1="4" ind2="0">
      <marc:subfield code="a">http://publications.gc.ca</marc:subfield>
      <marc:subfield code="q">PDF</marc:subfield>
      <marc:subfield code="s">20 KB</marc:subfield>
      <marc:subfield code="u">https://publications.gc.ca/collections/Collection/FB4-6-1998E-16.pdf</marc:subfield>
    </marc:datafield>
    <marc:datafield tag="856" ind1="4" ind2="0">
      <marc:subfield code="a">http://publications.gc.ca</marc:subfield>
      <marc:subfield code="q">PDF</marc:subfield>
      <marc:subfield code="s">235 KB</marc:subfield>
      <marc:subfield code="u">https://publications.gc.ca/collections/Collection/FB4-6-1998E-20.pdf</marc:subfield>
    </marc:datafield>
    <marc:datafield tag="856" ind1="4" ind2="0">
      <marc:subfield code="a">http://publications.gc.ca</marc:subfield>
      <marc:subfield code="q">PDF</marc:subfield>
      <marc:subfield code="s">151 KB</marc:subfield>
      <marc:subfield code="u">https://publications.gc.ca/collections/Collection/FB4-6-1998E-3.pdf</marc:subfield>
    </marc:datafield>
    <marc:datafield tag="856" ind1="4" ind2="0">
      <marc:subfield code="a">http://publications.gc.ca</marc:subfield>
      <marc:subfield code="q">PDF</marc:subfield>
      <marc:subfield code="s">263 KB</marc:subfield>
      <marc:subfield code="u">https://publications.gc.ca/collections/Collection/FB4-6-1998E-17.pdf</marc:subfield>
    </marc:datafield>
    <marc:datafield tag="856" ind1="4" ind2="0">
      <marc:subfield code="a">http://publications.gc.ca</marc:subfield>
      <marc:subfield code="q">PDF</marc:subfield>
      <marc:subfield code="s">102 KB</marc:subfield>
      <marc:subfield code="u">https://publications.gc.ca/collections/Collection/FB4-6-1998E-9.pdf</marc:subfield>
    </marc:datafield>
    <marc:datafield tag="856" ind1="4" ind2="0">
      <marc:subfield code="a">http://publications.gc.ca</marc:subfield>
      <marc:subfield code="q">PDF</marc:subfield>
      <marc:subfield code="s">288 KB</marc:subfield>
      <marc:subfield code="u">https://publications.gc.ca/collections/Collection/FB4-6-1998E-11.pdf</marc:subfield>
    </marc:datafield>
    <marc:datafield tag="856" ind1="4" ind2="0">
      <marc:subfield code="a">http://publications.gc.ca</marc:subfield>
      <marc:subfield code="q">PDF</marc:subfield>
      <marc:subfield code="s">25 KB</marc:subfield>
      <marc:subfield code="u">https://publications.gc.ca/collections/Collection/FB4-6-1998E-5.pdf</marc:subfield>
    </marc:datafield>
    <marc:datafield tag="856" ind1="4" ind2="0">
      <marc:subfield code="a">http://publications.gc.ca</marc:subfield>
      <marc:subfield code="q">PDF</marc:subfield>
      <marc:subfield code="s">60 KB</marc:subfield>
      <marc:subfield code="u">https://publications.gc.ca/collections/Collection/FB4-6-1998E-2.pdf</marc:subfield>
    </marc:datafield>
    <marc:datafield tag="856" ind1="4" ind2="0">
      <marc:subfield code="a">http://publications.gc.ca</marc:subfield>
      <marc:subfield code="q">PDF</marc:subfield>
      <marc:subfield code="s">12 KB</marc:subfield>
      <marc:subfield code="u">https://publications.gc.ca/collections/Collection/FB4-6-1998E-18.pdf</marc:subfield>
    </marc:datafield>
    <marc:datafield tag="856" ind1="4" ind2="0">
      <marc:subfield code="a">http://publications.gc.ca</marc:subfield>
      <marc:subfield code="q">PDF</marc:subfield>
      <marc:subfield code="s">22 KB</marc:subfield>
      <marc:subfield code="u">https://publications.gc.ca/collections/Collection/FB4-6-1998E-7.pdf</marc:subfield>
    </marc:datafield>
    <marc:datafield tag="856" ind1="4" ind2="0">
      <marc:subfield code="a">http://publications.gc.ca</marc:subfield>
      <marc:subfield code="q">PDF</marc:subfield>
      <marc:subfield code="s">23 KB</marc:subfield>
      <marc:subfield code="u">https://publications.gc.ca/collections/Collection/FB4-6-1998E-13.pdf</marc:subfield>
    </marc:datafield>
  </marc:record>
</marc:collection>
